Żużel PGE Ekstraliga 2025 - loga klubów - Statystyki

Ogólne statystyki
  • Ten quiz został rozwiązany 165 razy
  • Średni wynik to 7 z 8
Statystyki odpowiedzi
Obrazkowy Odpowiedź % Poprawnych
Motor Lublin
99%
KS Toruń
97%
WTS Sparta Wrocław
96%
GKM Grudziądz
91%
Stal Gorzów Wielkopolski
91%
Falubaz Zielona Góra
89%
KS ROW Rybnik
89%
Włókniarz Częstochowa
89%
Nie znaleziono quizów pasujących do podanych kryteriów
Rozkład punktacji
Procent ludzi z każdym wynikiem
Percentyl według liczby udzielonych odpowiedzi
Twoja historia wyników
Nie rozwiązałeś tego quizu